[Event "Team men HL 2016"]
[Site "Sochi"]
[Date "2016.05.04"]
[Round "4.5"]
[White "Chigaev, Maksim"]
[Black "Nikolenko, Oleg"]
[Result "1/2-1/2"]
[LiveChessVersion "1.4.4"]
[BlackElo "2505"]
[WhiteElo "2552"]

1. e4 {[%clk 1:30:50]} Nf6 {[%clk 1:30:47]} 2. e5 {[%clk 1:31:08]} Nd5
{[%clk 1:31:11]} 3. d4 {[%clk 1:31:21]} d6 {[%clk 1:31:28]} 4. Nf3
{[%clk 1:31:40]} dxe5 {[%clk 1:31:36]} 5. Nxe5 {[%clk 1:32:05]} c6
{[%clk 1:31:46]} 6. Be2 {[%clk 1:26:47]} Bf5 {[%clk 1:31:33]} 7. O-O
{[%clk 1:26:45]} Nd7 {[%clk 1:31:17]} 8. Nf3 {[%clk 1:23:24]} e6 {[%clk 1:31:12]}
9. a3 {[%clk 1:22:16]} Bd6 {[%clk 1:29:39]} 10. h3 {[%clk 1:19:50]} O-O
{[%clk 1:27:22]} 11. Bd3 {[%clk 1:19:48]} Bxd3 {[%clk 1:26:24]} 12. Qxd3
{[%clk 1:18:58]} e5 {[%clk 1:23:25]} 13. Nc3 {[%clk 1:11:32]} Nxc3
{[%clk 1:22:01]} 14. bxc3 {[%clk 1:11:47]} Re8 {[%clk 1:19:20]} 15. Re1
{[%clk 1:09:51]} c5 {[%clk 1:08:14]} 16. Ng5 {[%clk 0:49:16]} Nf6
{[%clk 1:07:01]} 17. Qc4 {[%clk 0:45:06]} Qc7 {[%clk 1:05:38]} 18. dxc5
{[%clk 0:45:30]} Bxc5 {[%clk 1:04:31]} 19. Be3 {[%clk 0:42:45]} Bb6
{[%clk 1:01:46]} 20. Qxc7 {[%clk 0:42:07]} Bxc7 {[%clk 1:01:33]} 21. Rab1
{[%clk 0:42:23]} b6 22. c4 h6 {[%clk 0:54:35]} 23. Nf3 {[%clk 0:42:39]} Bd6
{[%clk 0:52:14]} 24. c5 {[%clk 0:42:43]} bxc5 {[%clk 0:51:53]} 25. Red1
{[%clk 0:39:31]} Ne4 {[%clk 0:47:58]} 26. Rb7 {[%clk 0:37:42]} a5
{[%clk 0:43:56]} 27. Nd2 {[%clk 0:35:17]} Nxd2 {[%clk 0:36:25]} 28. Rxd2
{[%clk 0:34:34]} Red8 {[%clk 0:33:20]} 29. c4 {[%clk 0:30:48]} a4
{[%clk 0:30:36]} 30. g4 {[%clk 0:29:49]} f6 {[%clk 0:19:04]} 31. Kf1
{[%clk 0:26:51]} Bf8 {[%clk 0:16:31]} 32. Rxd8 {[%clk 0:25:46]} Rxd8
{[%clk 0:16:57]} 33. Ra7 {[%clk 0:26:08]} g6 {[%clk 0:09:29]} 34. Rxa4
{[%clk 0:24:43]} f5 {[%clk 0:09:42]} 35. gxf5 {[%clk 0:22:00]} gxf5
{[%clk 0:10:06]} 36. Ra5 {[%clk 0:20:57]} Kf7 {[%clk 0:09:56]} 37. Bxc5
{[%clk 0:19:47]} Bxc5 {[%clk 0:10:17]} 38. Rxc5 {[%clk 0:20:13]} Kf6
{[%clk 0:10:31]} 39. a4 {[%clk 0:19:33]} Rd3 {[%clk 0:08:39]} 40. Kg2
{[%clk 0:42:28]} e4 {[%clk 0:37:49]} 41. a5 {[%clk 0:31:30]} Ra3 {[%clk 0:35:56]}
42. Rc6+ {[%clk 0:23:18]} Ke5 {[%clk 0:35:37]} 43. Rxh6 {[%clk 0:21:10]} Rxa5
{[%clk 0:35:34]} 1/2-1/2

[Event "Team men HL 2016"]
[Site "Sochi"]
[Date "2016.05.04"]
[Round "4.6"]
[White "Sychev, Klementy"]
[Black "Rozum, Ivan"]
[Result "1/2-1/2"]
[LiveChessVersion "1.4.4"]
[BlackElo "2559"]
[WhiteElo "2419"]

1. d4 {[%clk 1:30:58]} Nf6 {[%clk 1:30:45]} 2. c4 {[%clk 1:31:10]} e6
{[%clk 1:31:11]} 3. Nf3 {[%clk 1:31:35]} b6 {[%clk 1:31:34]} 4. Nc3
{[%clk 1:30:54]} Bb4 {[%clk 1:31:48]} 5. e3 {[%clk 1:30:28]} Bb7 {[%clk 1:32:13]}
6. Bd3 {[%clk 1:30:52]} O-O {[%clk 1:32:38]} 7. O-O {[%clk 1:31:14]} d5
{[%clk 1:32:41]} 8. cxd5 {[%clk 1:29:15]} exd5 {[%clk 1:33:06]} 9. a3
{[%clk 1:29:41]} Bd6 {[%clk 1:33:23]} 10. b4 {[%clk 1:30:02]} a6 {[%clk 1:32:55]}
11. Qb3 {[%clk 1:30:01]} Nbd7 {[%clk 1:27:59]} 12. Re1 {[%clk 1:23:21]} Rb8
{[%clk 1:20:38]} 13. e4 {[%clk 1:10:17]} dxe4 {[%clk 1:18:59]} 14. Nxe4
{[%clk 1:10:38]} Nxe4 {[%clk 1:16:42]} 15. Bxe4 {[%clk 1:10:11]} Bxe4
{[%clk 1:15:26]} 16. Rxe4 {[%clk 1:10:27]} Nf6 {[%clk 1:04:46]} 17. Bg5
{[%clk 0:43:03]} h6 {[%clk 1:02:55]} 18. Bxf6 {[%clk 0:42:38]} Qxf6
{[%clk 1:03:19]} 19. Rae1 {[%clk 0:41:55]} Qf5 {[%clk 0:46:50]} 20. Nd2
{[%clk 0:36:15]} a5 {[%clk 0:39:21]} 21. Nc4 {[%clk 0:31:48]} Qd5
{[%clk 0:37:16]} 22. Qc3 {[%clk 0:31:50]} axb4 {[%clk 0:37:04]} 23. axb4
{[%clk 0:32:14]} Ra8 {[%clk 0:35:33]} 24. Nxd6 {[%clk 0:32:16]} cxd6
{[%clk 0:34:53]} 25. h4 {[%clk 0:30:35]} Rac8 {[%clk 0:34:14]} 26. Qg3
{[%clk 0:29:13]} h5 {[%clk 0:32:12]} 27. Qd3 {[%clk 0:16:24]} Rc4
{[%clk 0:27:34]} 28. Qd2 {[%clk 0:12:39]} Kh7 {[%clk 0:22:37]} 29. Rf4
{[%clk 0:11:18]} Kg8 {[%clk 0:19:34]} 30. Rfe4 {[%clk 0:11:42]} Kh7
{[%clk 0:12:47]} 31. Rf4 {[%clk 0:12:05]} Kg8 {[%clk 0:09:47]} 32. Rfe4 1/2-1/2

[Event "Team men HL 2016"]
[Site "Sochi"]
[Date "2016.05.04"]
[Round "4.7"]
[White "Yevseev, Denis"]
[Black "Ulko, Jaroslav"]
[Result "1-0"]
[LiveChessVersion "1.4.4"]
[BlackElo "2441"]
[WhiteElo "2526"]

1. Nf3 {[%clk 1:30:56]} Nf6 {[%clk 1:30:45]} 2. c4 {[%clk 1:31:10]} g6
{[%clk 1:30:45]} 3. g3 {[%clk 1:31:16]} Bg7 {[%clk 1:31:09]} 4. Bg2
{[%clk 1:31:41]} O-O {[%clk 1:31:32]} 5. O-O {[%clk 1:32:06]} d6 {[%clk 1:31:51]}
6. d4 {[%clk 1:32:25]} Nbd7 {[%clk 1:32:14]} 7. Nc3 {[%clk 1:32:04]} e5
{[%clk 1:32:38]} 8. h3 {[%clk 1:31:58]} Re8 {[%clk 1:32:46]} 9. e4
{[%clk 1:32:00]} exd4 {[%clk 1:33:05]} 10. Nxd4 {[%clk 1:32:17]} Nc5
{[%clk 1:32:42]} 11. Re1 {[%clk 1:32:11]} h6 {[%clk 1:32:55]} 12. Rb1
{[%clk 1:21:45]} c6 {[%clk 1:18:55]} 13. Kh2 {[%clk 0:41:53]} a5 {[%clk 0:57:58]}
14. b3 {[%clk 0:37:05]} Nfd7 {[%clk 0:36:04]} 15. Be3 {[%clk 0:36:26]} Ne5
{[%clk 0:36:18]} 16. Re2 {[%clk 0:32:09]} h5 {[%clk 0:31:30]} 17. f4
{[%clk 0:27:45]} Ned7 {[%clk 0:31:52]} 18. Qc2 {[%clk 0:25:24]} Nf6
{[%clk 0:29:54]} 19. Rd1 {[%clk 0:24:47]} Qe7 {[%clk 0:23:52]} 20. Bf2
{[%clk 0:22:29]} Nh7 {[%clk 0:15:43]} 21. Nf3 {[%clk 0:20:16]} Be6
{[%clk 0:14:03]} 22. Bxc5 {[%clk 0:13:48]} dxc5 {[%clk 0:14:27]} 23. e5
{[%clk 0:14:03]} Bf5 {[%clk 0:14:22]} 24. Ne4 {[%clk 0:12:42]} Nf8
{[%clk 0:07:53]} 25. Nh4 {[%clk 0:08:39]} Bxe4 {[%clk 0:07:35]} 26. Qxe4
{[%clk 0:09:02]} Rad8 {[%clk 0:07:06]} 27. Red2 {[%clk 0:06:45]} Rxd2
{[%clk 0:06:15]} 28. Rxd2 {[%clk 0:07:10]} Ne6 {[%clk 0:04:02]} 29. Nf3
{[%clk 0:07:31]} Rd8 {[%clk 0:03:42]} 30. Qe3 {[%clk 0:06:57]} Rd7
{[%clk 0:02:57]} 31. h4 {[%clk 0:06:31]} Nd4 {[%clk 0:00:45]} 32. Nxd4
{[%clk 0:05:36]} cxd4 {[%clk 0:01:12]} 33. Rxd4 {[%clk 0:05:44]} Qc5
{[%clk 0:01:18]} 34. Rd3 {[%clk 0:03:38]} Qxe3 {[%clk 0:01:42]} 35. Rxe3
{[%clk 0:04:05]} Rd2 {[%clk 0:02:07]} 36. Kh3 {[%clk 0:02:39]} Kf8
{[%clk 0:01:22]} 37. a3 {[%clk 0:01:51]} Rd4 {[%clk 0:01:01]} 38. Bf1
{[%clk 0:01:39]} Ke8 {[%clk 0:00:44]} 39. b4 {[%clk 0:01:32]} axb4
{[%clk 0:01:07]} 40. axb4 {[%clk 0:31:58]} Bf8 {[%clk 0:31:33]} 41. Rb3
{[%clk 0:28:22]} b6 {[%clk 0:28:25]} 42. Kg2 {[%clk 0:24:12]} Rd2+
{[%clk 0:16:51]} 43. Kf3 {[%clk 0:24:20]} Ra2 {[%clk 0:16:49]} 44. Bd3
{[%clk 0:20:00]} Ra4 {[%clk 0:15:58]} 45. Be4 {[%clk 0:19:32]} Kd7
{[%clk 0:12:09]} 46. Rd3+ {[%clk 0:18:29]} Ke6 {[%clk 0:12:33]} 47. Bxc6
{[%clk 0:16:32]} Rxb4 {[%clk 0:12:59]} 48. Bd5+ {[%clk 0:12:21]} Ke7
{[%clk 0:13:24]} 49. Ra3 {[%clk 0:12:09]} f5 {[%clk 0:13:43]} 50. Ra7+
{[%clk 0:08:02]} Kd8 {[%clk 0:14:07]} 51. Ra8+ {[%clk 0:08:26]} Ke7
{[%clk 0:14:31]} 52. e6 {[%clk 0:06:55]} b5 {[%clk 0:10:05]} 53. c5
{[%clk 0:03:24]} Ra4 {[%clk 0:10:08]} 54. Rb8 {[%clk 0:03:49]} Ra7
{[%clk 0:10:00]} 55. Ke2 {[%clk 0:02:34]} Bg7 {[%clk 0:07:21]} 56. Rxb5
{[%clk 0:02:54]} Bd4 {[%clk 0:07:40]} 57. c6 {[%clk 0:02:38]} Rc7
{[%clk 0:05:33]} 58. Rb8 {[%clk 0:02:28]} Bf6 {[%clk 0:05:52]} 59. Rg8
{[%clk 0:02:11]} Kd6 {[%clk 0:05:07]} 60. Rxg6 {[%clk 0:02:30]} Kxd5
{[%clk 0:03:58]} 61. Rxf6 {[%clk 0:02:41]} Ke4 {[%clk 0:04:24]} 62. Rf8
{[%clk 0:02:28]} Re7 {[%clk 0:04:11]} 63. Kd2 {[%clk 0:01:12]} Rc7
{[%clk 0:04:06]} 64. Rd8 {[%clk 0:01:13]} Re7 {[%clk 0:03:59]} 65. Rd3
{[%clk 0:01:10]} 1-0

[Event "Team men HL 2016"]
[Site "Sochi"]
[Date "2016.05.04"]
[Round "4.8"]
[White "Saulin, Dmitri"]
[Black "Askerov, Marat"]
[Result "1-0"]
[LiveChessVersion "1.4.4"]
[BlackElo "2344"]
[WhiteElo "2390"]

1. Nf3 {[%clk 1:30:57]} Nf6 {[%clk 1:30:53]} 2. c4 {[%clk 1:31:17]} c5
{[%clk 1:31:17]} 3. Nc3 {[%clk 1:31:22]} Nc6 {[%clk 1:31:17]} 4. g3
{[%clk 1:31:32]} g6 {[%clk 1:31:38]} 5. Bg2 {[%clk 1:31:53]} Bg7 {[%clk 1:32:03]}
6. O-O {[%clk 1:32:14]} O-O {[%clk 1:32:23]} 7. d4 {[%clk 1:32:25]} cxd4
{[%clk 1:32:45]} 8. Nxd4 {[%clk 1:32:50]} Nxd4 {[%clk 1:33:06]} 9. Qxd4
{[%clk 1:33:13]} d6 {[%clk 1:33:30]} 10. Qd3 {[%clk 1:30:07]} a6 {[%clk 1:33:44]}
11. Bd2 {[%clk 1:27:48]} Rb8 {[%clk 1:33:12]} 12. Rfc1 {[%clk 1:20:40]} b5
{[%clk 1:21:46]} 13. Rab1 {[%clk 1:07:45]} Nd7 {[%clk 1:07:22]} 14. cxb5
{[%clk 1:03:48]} axb5 {[%clk 1:07:49]} 15. Nd5 {[%clk 1:02:54]} Bb7
{[%clk 0:46:50]} 16. Bg5 {[%clk 0:44:41]} Bxd5 {[%clk 0:37:22]} 17. Bxd5
{[%clk 0:42:27]} h6 {[%clk 0:35:17]} 18. Bf4 {[%clk 0:34:07]} Ne5
{[%clk 0:28:37]} 19. Qd2 {[%clk 0:16:25]} e6 {[%clk 0:27:00]} 20. Bb3
{[%clk 0:13:47]} g5 {[%clk 0:16:59]} 21. Be3 {[%clk 0:13:59]} Qd7
{[%clk 0:16:38]} 22. Rc2 {[%clk 0:10:05]} Rfc8 {[%clk 0:16:19]} 23. Rbc1
{[%clk 0:09:07]} Rxc2 {[%clk 0:10:30]} 24. Rxc2 {[%clk 0:08:01]} d5
{[%clk 0:10:17]} 25. Bd4 {[%clk 0:06:41]} Rd8 {[%clk 0:04:59]} 26. Qc3
{[%clk 0:04:50]} b4 {[%clk 0:02:41]} 27. Qc5 {[%clk 0:05:13]} Qb7
{[%clk 0:01:16]} 28. Qb6 {[%clk 0:05:08]} Qxb6 {[%clk 0:01:17]} 29. Bxb6
{[%clk 0:05:37]} Rb8 {[%clk 0:01:40]} 30. Ba7 {[%clk 0:05:30]} Ra8
{[%clk 0:01:30]} 31. Bc5 {[%clk 0:04:40]} Rb8 {[%clk 0:01:04]} 32. Bd6
{[%clk 0:04:53]} Rb6 {[%clk 0:01:01]} 33. Rc8+ {[%clk 0:05:11]} Kh7
{[%clk 0:01:29]} 34. Bc2+ {[%clk 0:05:26]} f5 {[%clk 0:01:46]} 35. Bxe5
{[%clk 0:05:12]} Bxe5 {[%clk 0:02:09]} 36. g4 {[%clk 0:05:37]} Bxb2
{[%clk 0:00:47]} 37. gxf5 {[%clk 0:05:57]} exf5 {[%clk 0:01:06]} 38. Bxf5+
{[%clk 0:06:22]} Kg7 {[%clk 0:01:34]} 39. Bc2 {[%clk 0:06:13]} Be5
{[%clk 0:01:15]} 40. Rc5 {[%clk 0:36:29]} Rd6 {[%clk 0:30:54]} 41. Bb3
{[%clk 0:33:01]} Bd4 {[%clk 0:30:05]} 42. Rb5 {[%clk 0:33:13]} Rf6
{[%clk 0:22:33]} 43. e3 {[%clk 0:33:05]} Bc3 {[%clk 0:22:58]} 44. Bxd5
{[%clk 0:33:21]} g4 {[%clk 0:22:30]} 45. Rb7+ {[%clk 0:31:34]} Kg6
{[%clk 0:20:56]} 46. Kf1 {[%clk 0:31:57]} Rd6 {[%clk 0:19:30]} 47. Rb5
{[%clk 0:28:34]} h5 {[%clk 0:16:54]} 48. Rc5 {[%clk 0:22:26]} Kf6
{[%clk 0:06:31]} 49. Kg2 {[%clk 0:20:46]} Be1 {[%clk 0:06:10]} 50. Kg3
{[%clk 0:14:19]} h4+ {[%clk 0:03:56]} 51. Kxg4 {[%clk 0:14:39]} Bxf2
{[%clk 0:04:24]} 52. Kf3 {[%clk 0:15:01]} Be1 {[%clk 0:04:48]} 53. h3
{[%clk 0:15:15]} Rd8 {[%clk 0:03:18]} 54. Ke2 {[%clk 0:15:32]} Bg3
{[%clk 0:02:29]} 55. Rb5 {[%clk 0:14:24]} Bd6 {[%clk 0:02:53]} 56. Bb3
{[%clk 0:14:23]} Be7 {[%clk 0:02:37]} 57. Kf3 {[%clk 0:14:28]} Rd2
{[%clk 0:02:10]} 58. Rb6+ {[%clk 0:13:57]} Kg5 {[%clk 0:01:36]} 59. Re6
{[%clk 0:13:46]} Bf6 {[%clk 0:01:14]} 60. Re4 {[%clk 0:13:04]} Rh2
{[%clk 0:01:22]} 61. Be6 {[%clk 0:13:11]} Be7 {[%clk 0:01:31]} 62. Bg4
{[%clk 0:11:43]} Kf6 {[%clk 0:01:43]} 63. Re6+ {[%clk 0:12:01]} Kf7
{[%clk 0:02:11]} 64. Ra6 {[%clk 0:12:22]} Rh1 {[%clk 0:01:35]} 65. e4
{[%clk 0:11:11]} Rf1+ {[%clk 0:01:23]} 66. Ke2 {[%clk 0:11:33]} Rf6
{[%clk 0:01:17]} 67. Ra7 {[%clk 0:11:56]} Rb6 {[%clk 0:01:38]} 68. Bh5+
{[%clk 0:10:45]} Ke6 {[%clk 0:01:56]} 69. Bg4+ {[%clk 0:09:57]} Kf7
{[%clk 0:02:24]} 70. Ke3 {[%clk 0:08:17]} b3 {[%clk 0:02:50]} 71. axb3
{[%clk 0:08:40]} Rxb3+ {[%clk 0:03:11]} 72. Kf4 {[%clk 0:09:06]} Ra3
{[%clk 0:02:41]} 73. Rb7 {[%clk 0:09:27]} Ra1 {[%clk 0:02:35]} 74. e5
{[%clk 0:09:38]} Rf1+ {[%clk 0:02:20]} 75. Ke4 {[%clk 0:10:02]} Ra1
{[%clk 0:00:47]} 76. Rb6 {[%clk 0:07:36]} Ra2 {[%clk 0:00:46]} 77. Be6+
{[%clk 0:07:59]} 1-0

[Event "Team men HL 2016"]
[Site "Sochi"]
[Date "2016.05.04"]
[Round "4.9"]
[White "Eliseev, Urii"]
[Black "Vavulin, Maksim"]
[Result "1/2-1/2"]
[LiveChessVersion "1.4.4"]
[BlackElo "2474"]
[WhiteElo "2606"]

1. e4 {[%clk 1:30:54]} e5 {[%clk 1:30:54]} 2. Nf3 {[%clk 1:31:13]} Nc6
{[%clk 1:31:16]} 3. Bc4 {[%clk 1:31:36]} Nf6 {[%clk 1:31:22]} 4. d3
{[%clk 1:31:57]} h6 {[%clk 1:31:28]} 5. O-O {[%clk 1:32:11]} d6 {[%clk 1:31:52]}
6. c3 {[%clk 1:29:36]} g6 {[%clk 1:32:04]} 7. d4 {[%clk 1:30:00]} Qe7
{[%clk 1:32:09]} 8. Re1 {[%clk 1:29:47]} Bg7 {[%clk 1:32:06]} 9. Nbd2
{[%clk 1:30:07]} O-O {[%clk 1:31:46]} 10. h3 {[%clk 1:29:34]} Bd7
{[%clk 1:21:59]} 11. Nf1 {[%clk 1:28:26]} Rae8 {[%clk 1:20:41]} 12. Ng3
{[%clk 1:28:00]} Qd8 {[%clk 1:20:08]} 13. Bd3 {[%clk 1:26:49]} Nh7
{[%clk 1:12:51]} 14. Be3 {[%clk 1:25:17]} f5 {[%clk 0:55:17]} 15. exf5
{[%clk 1:19:46]} gxf5 {[%clk 0:55:32]} 16. Nh5 {[%clk 1:11:12]} f4
{[%clk 0:53:44]} 17. Bd2 {[%clk 1:09:44]} Ng5 {[%clk 0:49:03]} 18. d5
{[%clk 1:06:24]} Ne7 {[%clk 0:43:30]} 19. Nxg5 {[%clk 0:48:22]} hxg5
{[%clk 0:43:58]} 20. Qf3 {[%clk 0:48:25]} Bh6 {[%clk 0:40:07]} 21. Be4
{[%clk 0:29:38]} Qc8 {[%clk 0:31:04]} 22. g4 {[%clk 0:23:37]} Rd8
{[%clk 0:20:23]} 23. Kh2 {[%clk 0:21:20]} Be8 {[%clk 0:19:16]} 24. Qd3
{[%clk 0:21:45]} Kh8 {[%clk 0:16:29]} 25. Rg1 {[%clk 0:18:14]} c6
{[%clk 0:13:22]} 26. c4 {[%clk 0:17:17]} cxd5 {[%clk 0:13:38]} 27. cxd5
{[%clk 0:17:43]} Qc5 {[%clk 0:14:05]} 28. Rac1 {[%clk 0:11:17]} Qxf2+
{[%clk 0:13:34]} 29. Rg2 {[%clk 0:11:43]} Qb6 {[%clk 0:13:50]} 30. h4
{[%clk 0:12:09]} gxh4 {[%clk 0:04:55]} 31. g5 {[%clk 0:12:33]} Bxh5
{[%clk 0:05:16]} 32. gxh6 {[%clk 0:12:58]} Rg8 {[%clk 0:04:22]} 33. Bxf4
{[%clk 0:10:45]} Rxg2+ {[%clk 0:04:09]} 34. Bxg2 {[%clk 0:11:06]} Qf2
{[%clk 0:03:35]} 35. Rf1 {[%clk 0:05:14]} Qe2 {[%clk 0:03:31]} 36. Qxe2
{[%clk 0:05:04]} Bxe2 {[%clk 0:04:00]} 37. Rf2 {[%clk 0:05:21]} exf4
{[%clk 0:04:02]} 38. Rxe2 {[%clk 0:05:46]} Ng6 {[%clk 0:02:13]} 39. Re6
{[%clk 0:01:53]} Ne5 {[%clk 0:02:33]} 40. Be4 {[%clk 0:32:18]} f3
{[%clk 0:32:10]} 41. Re7 {[%clk 0:29:49]} 1/2-1/2

[Event "Team men HL 2016"]
[Site "Sochi"]
[Date "2016.05.04"]
[Round "4.10"]
[White "Savenkov, Konstantin"]
[Black "Paravyan, David"]
[Result "0-1"]
[LiveChessVersion "1.4.4"]
[BlackElo "2497"]
[WhiteElo "2381"]

1. e4 {[%clk 1:30:56]} c6 {[%clk 1:30:56]} 2. d4 {[%clk 1:31:15]} d5
{[%clk 1:31:22]} 3. Nd2 {[%clk 1:31:43]} dxe4 {[%clk 1:31:48]} 4. Nxe4
{[%clk 1:32:10]} Bf5 {[%clk 1:32:14]} 5. Nc5 {[%clk 1:32:12]} b6 {[%clk 1:32:39]}
6. Nb3 {[%clk 1:32:31]} e6 {[%clk 1:33:05]} 7. Nf3 {[%clk 1:32:22]} Nf6
{[%clk 1:33:31]} 8. g3 {[%clk 1:32:06]} Bd6 {[%clk 1:33:53]} 9. Bg2
{[%clk 1:32:10]} O-O {[%clk 1:34:17]} 10. O-O {[%clk 1:31:55]} Nbd7
{[%clk 1:34:44]} 11. Re1 {[%clk 1:31:18]} Rc8 {[%clk 1:29:29]} 12. Bd2
{[%clk 1:23:42]} c5 {[%clk 1:23:17]} 13. dxc5 {[%clk 1:12:06]} Nxc5
{[%clk 1:23:23]} 14. Bc3 {[%clk 1:06:51]} Nd5 {[%clk 1:17:36]} 15. Be5
{[%clk 1:01:30]} Nxb3 {[%clk 1:11:46]} 16. cxb3 {[%clk 0:52:34]} Bb4
{[%clk 1:10:37]} 17. Re2 {[%clk 0:51:22]} f6 {[%clk 1:10:52]} 18. a3
{[%clk 0:49:35]} fxe5 {[%clk 0:59:12]} 19. axb4 {[%clk 0:49:49]} e4
{[%clk 0:41:12]} 20. Nd4 {[%clk 0:22:54]} Bg4 {[%clk 0:40:47]} 21. Bxe4
{[%clk 0:22:25]} Bxe2 {[%clk 0:40:48]} 22. Nxe2 {[%clk 0:21:22]} Nf6
{[%clk 0:28:18]} 23. Bd3 {[%clk 0:21:11]} Kh8 {[%clk 0:22:55]} 24. Nf4
{[%clk 0:19:52]} Qe7 {[%clk 0:21:03]} 25. Qe2 {[%clk 0:19:50]} e5
{[%clk 0:20:02]} 26. Re1 {[%clk 0:16:31]} Qxb4 {[%clk 0:20:23]} 27. Ne6
{[%clk 0:14:10]} Rfe8 {[%clk 0:19:02]} 28. Ng5 {[%clk 0:13:06]} Qxb3
{[%clk 0:14:43]} 29. Bf5 {[%clk 0:12:25]} Rc7 {[%clk 0:14:14]} 30. Nxh7
{[%clk 0:11:43]} Nxh7 {[%clk 0:06:54]} 31. Bxh7 {[%clk 0:11:52]} Qf7
{[%clk 0:07:09]} 32. Bd3 {[%clk 0:11:27]} g6 {[%clk 0:03:48]} 33. Qg4
{[%clk 0:10:47]} Kg7 {[%clk 0:04:05]} 34. h4 {[%clk 0:11:10]} Qe6
{[%clk 0:03:10]} 35. Qg5 {[%clk 0:10:54]} Qf6 {[%clk 0:03:26]} 36. Qg4
{[%clk 0:11:07]} Qe6 {[%clk 0:03:20]} 37. Qg5 {[%clk 0:11:31]} Qf6
{[%clk 0:03:46]} 38. Qg4 {[%clk 0:11:58]} Rd8 {[%clk 0:03:00]} 39. Re3
{[%clk 0:10:15]} Rf7 {[%clk 0:03:13]} 40. Qe2 {[%clk 0:39:33]} Rdf8
{[%clk 0:33:01]} 41. f4 {[%clk 0:38:23]} exf4 {[%clk 0:31:00]} 42. Re6
{[%clk 0:38:47]} Qd4+ {[%clk 0:30:56]} 43. Kh1 {[%clk 0:39:12]} Qd5+
{[%clk 0:31:12]} 44. Kg1 {[%clk 0:39:38]} Qc5+ {[%clk 0:31:32]} 45. Kh1
{[%clk 0:40:04]} Qc1+ {[%clk 0:31:54]} 0-1

[Event "Team men HL 2016"]
[Site "Sochi"]
[Date "2016.05.04"]
[Round "4.11"]
[White "Iljiushenok, Ilia"]
[Black "Tarasov, Alexandr"]
[Result "1/2-1/2"]
[LiveChessVersion "1.4.4"]
[BlackElo "2323"]
[WhiteElo "2499"]

1. d4 {[%clk 1:30:48]} Nf6 {[%clk 1:30:53]} 2. c4 {[%clk 1:31:13]} e6
{[%clk 1:31:18]} 3. Nc3 {[%clk 1:31:39]} Bb4 {[%clk 1:31:43]} 4. e3
{[%clk 1:31:56]} O-O {[%clk 1:32:07]} 5. Nge2 {[%clk 1:32:10]} Re8
{[%clk 1:32:31]} 6. a3 {[%clk 1:32:09]} Bf8 {[%clk 1:32:55]} 7. Ng3
{[%clk 1:32:24]} d5 {[%clk 1:33:15]} 8. Be2 {[%clk 1:32:04]} dxc4
{[%clk 1:21:40]} 9. O-O {[%clk 1:32:13]} c5 {[%clk 1:19:50]} 10. dxc5
{[%clk 1:32:08]} Bxc5 {[%clk 1:15:59]} 11. Bxc4 {[%clk 1:31:34]} a6
{[%clk 1:10:13]} 12. b4 {[%clk 1:28:49]} Be7 {[%clk 1:08:45]} 13. Qe2
{[%clk 1:19:31]} b5 {[%clk 1:06:05]} 14. Bb3 {[%clk 1:18:55]} a5 {[%clk 0:47:43]}
15. Nxb5 {[%clk 0:53:07]} axb4 {[%clk 0:46:15]} 16. Rd1 {[%clk 0:48:07]} Bd7
{[%clk 0:40:34]} 17. Nd6 {[%clk 0:41:49]} Bxd6 {[%clk 0:34:54]} 18. Rxd6
{[%clk 0:42:12]} bxa3 {[%clk 0:31:19]} 19. Rxa3 {[%clk 0:40:53]} Rxa3
{[%clk 0:27:57]} 20. Bxa3 {[%clk 0:41:21]} Qa5 {[%clk 0:26:41]} 21. Bb2
{[%clk 0:21:50]} Qb4 {[%clk 0:19:11]} 22. Rd3 {[%clk 0:21:36]} Bb5
{[%clk 0:17:26]} 23. Qd2 {[%clk 0:22:02]} Qxd2 {[%clk 0:17:17]} 24. Rxd2
{[%clk 0:22:31]} Nbd7 {[%clk 0:17:23]} 25. e4 {[%clk 0:17:21]} Rb8
{[%clk 0:10:49]} 26. f3 {[%clk 0:16:27]} Ne8 {[%clk 0:10:08]} 27. h3
{[%clk 0:13:12]} Nb6 {[%clk 0:07:06]} 28. Rd4 {[%clk 0:07:25]} Bc4
{[%clk 0:04:30]} 29. Bd1 {[%clk 0:06:23]} e5 {[%clk 0:03:24]} 30. Rd2
{[%clk 0:06:45]} f6 {[%clk 0:03:27]} 31. Nf5 {[%clk 0:07:06]} Kf7
{[%clk 0:03:00]} 32. Ba3 {[%clk 0:05:00]} Be6 {[%clk 0:02:56]} 33. Be2
{[%clk 0:05:13]} Nd7 {[%clk 0:01:57]} 34. Kh2 {[%clk 0:03:42]} Ra8
{[%clk 0:01:57]} 35. Rd3 {[%clk 0:02:46]} Nf8 {[%clk 0:02:01]} 36. Rc3
{[%clk 0:02:43]} Rc8 {[%clk 0:02:05]} 37. Rxc8 {[%clk 0:02:32]} Bxc8
{[%clk 0:02:30]} 38. Bc4+ {[%clk 0:02:57]} Be6 {[%clk 0:02:29]} 39. Bxf8
{[%clk 0:02:51]} Bxc4 {[%clk 0:02:51]} 40. Bxg7 {[%clk 0:33:17]} Be6
{[%clk 0:32:33]} 41. Bh6 {[%clk 0:33:40]} Kg6 {[%clk 0:32:47]} 42. Be3
{[%clk 0:33:42]} Bxf5 {[%clk 0:33:04]} 43. exf5+ {[%clk 0:34:08]} Kxf5 1/2-1/2

[Event "Team men HL 2016"]
[Site "Sochi"]
[Date "2016.05.04"]
[Round "4.12"]
[White "Kovalev, Egor"]
[Black "Arkhipov, Sergey"]
[Result "1/2-1/2"]
[LiveChessVersion "1.4.4"]
[BlackElo "2480"]
[WhiteElo "2207"]

1. Nf3 {[%clk 1:30:55]} c5 {[%clk 1:30:47]} 2. g3 {[%clk 1:31:12]} Nc6
{[%clk 1:30:58]} 3. d4 {[%clk 1:31:20]} cxd4 {[%clk 1:26:24]} 4. Nxd4
{[%clk 1:31:41]} g6 {[%clk 1:26:40]} 5. Bg2 {[%clk 1:31:59]} Bg7 {[%clk 1:26:45]}
6. Nb3 {[%clk 1:32:06]} b6 {[%clk 1:25:45]} 7. O-O {[%clk 1:31:43]} Bb7
{[%clk 1:26:00]} 8. e4 {[%clk 1:31:14]} d6 {[%clk 1:24:49]} 9. Re1
{[%clk 1:30:24]} Nf6 {[%clk 1:21:46]} 10. Nc3 {[%clk 1:30:22]} O-O
{[%clk 1:21:44]} 11. Nd5 {[%clk 1:27:01]} Rc8 {[%clk 1:18:57]} 12. Qe2
{[%clk 1:17:09]} e6 {[%clk 1:15:00]} 13. Nxf6+ {[%clk 1:15:42]} Qxf6
{[%clk 1:14:20]} 14. c3 {[%clk 1:15:03]} Rfd8 {[%clk 1:09:36]} 15. a4
{[%clk 1:11:41]} Qe7 {[%clk 0:57:32]} 16. f4 {[%clk 0:58:25]} Qc7
{[%clk 0:44:48]} 17. Be3 {[%clk 0:57:04]} Rb8 {[%clk 0:40:18]} 18. Qc4
{[%clk 0:48:16]} Qc8 {[%clk 0:39:07]} 19. Qe2 {[%clk 0:47:11]} Ba6
{[%clk 0:36:23]} 20. Qf2 {[%clk 0:46:48]} Bc4 {[%clk 0:36:11]} 21. Nd4
{[%clk 0:43:05]} Nxd4 {[%clk 0:34:37]} 22. Bxd4 {[%clk 0:42:40]} e5
{[%clk 0:29:20]} 23. Be3 {[%clk 0:42:18]} Qc7 {[%clk 0:28:10]} 24. Red1
{[%clk 0:36:20]} Rd7 {[%clk 0:27:53]} 25. Rd2 {[%clk 0:34:17]} Rdd8
{[%clk 0:28:09]} 26. Rdd1 {[%clk 0:34:42]} Rd7 {[%clk 0:28:28]} 27. Rd2
{[%clk 0:35:08]} Rdd8 {[%clk 0:28:45]} 1/2-1/2